Systeme et technique bancaires suisset
Guardado en:
| Autor principal: | |
|---|---|
| Formato: | Libro |
| Lenguaje: | francés |
| Publicado: |
Lausanne
Rouge
[1940]
|
| Etiquetas: |
Sin Etiquetas, Sea el primero en etiquetar este registro!
|
MARC
| LEADER | 00000nam a2200000 4500 | ||
|---|---|---|---|
| 001 | c126643 | ||
| 005 | 20041019155238.5 | ||
| 041 | 0 | |a fre | |
| 044 | |a CH | ||
| 245 | 1 | 0 | |a Systeme et technique bancaires suisset |c Ernest Dupraz |
| 264 | 1 | |a Lausanne |b Rouge |c [1940] | |
| 300 | |a 160 s. | ||
| 100 | 1 | |a Dupraz, Ernest | |